<?xml version="1.0" encoding="UTF-8"?><collection xmlns="info:lc/xmlns/marcxchange-v2"><record format="Unimarc" type="bibliographic"><leader>00765cam  2200229   450 </leader><controlfield tag="001">1825085</controlfield><controlfield tag="003">http://id.bnportugal.gov.pt/bib/porbase/1825085</controlfield><controlfield tag="005">20030531034500.0</controlfield><datafield ind1=" " ind2=" " tag="010"><subfield code="a">0-393-95272-X</subfield></datafield><datafield ind1=" " ind2=" " tag="035"><subfield code="6">58338</subfield></datafield><datafield ind1=" " ind2=" " tag="095"><subfield code="a">PTBN00870070</subfield></datafield><datafield ind1=" " ind2=" " tag="100"><subfield code="a">19941024d1990    k  y0pory0103    ba</subfield></datafield><datafield ind1="0" ind2=" " tag="101"><subfield code="a">eng</subfield></datafield><datafield ind1=" " ind2=" " tag="102"><subfield code="a">US</subfield></datafield><datafield ind1="1" ind2=" " tag="200"><subfield code="a">Twentieth-century music</subfield><subfield code="e">&lt;a &gt;history of musical style in modern Europe and America</subfield><subfield code="f">Robert P. Morgan</subfield></datafield><datafield ind1=" " ind2=" " tag="210"><subfield code="a">New York</subfield><subfield code="c">W. W. Norton &amp; Company</subfield><subfield code="d">1990</subfield></datafield><datafield ind1=" " ind2=" " tag="215"><subfield code="a">XVII, 554 p.</subfield><subfield code="c">il</subfield></datafield><datafield ind1="2" ind2=" " tag="225"><subfield code="a">&lt;The &gt;Norton introduction to music history</subfield></datafield><datafield ind1=" " ind2=" " tag="675"><subfield code="a">78.036</subfield><subfield code="v">BN</subfield><subfield code="z">por</subfield><subfield code="3">665523</subfield></datafield><datafield ind1=" " ind2="1" tag="700"><subfield code="a">Morgan</subfield><subfield code="b">Robert P.</subfield><subfield code="3">520966</subfield></datafield><datafield ind1=" " ind2="0" tag="801"><subfield code="a">PT</subfield><subfield code="b">BN</subfield><subfield code="g">RPC</subfield></datafield><datafield ind1=" " ind2=" " tag="977"><subfield code="1">78.03H.25</subfield><subfield code="2">coop</subfield><subfield code="4">UAVSD</subfield><subfield code="6">mq1056879</subfield><subfield code="7">bc</subfield><subfield code="8">coop</subfield><subfield code="9">UAVSD</subfield><subfield code="b">79823</subfield><subfield code="k">0</subfield></datafield><datafield ind1=" " ind2=" " tag="977"><subfield code="1">78(091) MOR t</subfield><subfield code="2">coop</subfield><subfield code="4">UEBIB</subfield><subfield code="6">mq2878982</subfield><subfield code="7">bc</subfield><subfield code="8">coop</subfield><subfield code="9">UEBIB</subfield><subfield code="k">0</subfield></datafield><datafield ind1=" " ind2=" " tag="998"><subfield code="a">UAV61-1743</subfield></datafield></record></collection>